Mapa de ciudades de España que comienzan con B - Estadísticas

Estadísticas generales
  • Esta prueba ha sido intentada 352 veces
  • La puntuación promedio es 7 de 10
Respuestas en el mapa
Las respuestas están codificadas por una escala verde-roja en el mapa de la prueba según el % correcto abajo.
 
Estadísticas de respuestas
Respuesta % Correcto
Bilbao
97%
Burgos
91%
Barcelona
88%
Badajoz
86%
Benalmádena
81%
Boadilla del Monte
81%
Benidorm
79%
Burjassot
56%
Burriana / Borriana
45%
Blanes
41%
No se encontraron pruebas coincidentes
Distribución de puntuación
Porcentaje de gente con cada puntuación
Porcentaje por número respondido
Historial de tus puntuaciones
No has intentado esta prueba.